000 01028nam a2200313Ia 4500
001 Z_2241
003 CHAP
008 220113s1994 xx 000 0 und d
010 _a165297
040 _cCHAP
090 _aTesis A 922
100 _aAscencio Ramírez, J. Gerardo
_97865
245 _aValor nutritivo de un sustituto de pescado I. Calidad de la proteína y evaluación en dietas para pollos de engorda /
_cpor J. Gerardo Ascencio Ramírez
260 _aChapingo, Méx. :
_bEl autor,
_c1994
300 _a47 h.
502 _aTesis (Ing. Agr. Esp. en Zootecnia) -- UACH. Departamento de Zootecnia
650 _aAves de corral
_xAlimentación
_98638
650 _aAves de corral
_xNutrición
_98672
650 _aHarina de pescado
_952722
650 _aPasta de soya
_985904
650 _aPescado en alimentación animal
_987467
650 _aProteínas en nutrición de aves de corral
_992455
901 _aTESIS A 922
902 _aM
910 _a1994
942 _c2
942 _c2
999 _c165297
_d165297